000 00809nam a2200217 i 4500
001 60013
003 ES-MaACL
005 20250815153112.0
007 t|
008 031031s1970 sp f |||| | spa d
245 0 3 _aEl Ermitage, Leningrado
_b: maestros medievales y del Renacimiento /
_cintroducción y notas a cargo de V.F. Levinson-Lessing y el personal del Museo ; [traducción de J. Casajoana Roca].
260 _aBarcelona :
_bMontaner y Simón,
_c[1970]
300 _aXX p., 90 lám. ;
_c31 cm.
610 2 4 _aGosudarstvennyj Èrmitaz.
_9157954
650 7 _aPintura medieval
_2embne
_9169211
650 0 7 _aPintura renacentista
_2embne
_916075
700 1 _aLevinson-Lessing, V. F.
_971984
700 1 _aCasajoana Roca, J.
_936039
852 _aES-MaACL
_jC-41694
999 _c60013
_d60013